Papyrus Graux, III (P. Graux 30) /

محفوظ في:

مؤلف مشترك: Ecole pratique des hautes études (France)

مؤلفون آخرون: Kambitsis, Sophie

التنسيق: كتاب

اللغة: French

منشور في: Geneve : Droz ; Paris : Champion, 1997.

سلاسل: Hautes études du monde gréco-romain ; 23.

الموضوعات:

الوسوم: إضافة وسم

لا توجد وسوم, كن أول من يضع وسما على هذه التسجيلة!

رقم الطلب: PA3314 .F8 P37 1997

LEADER 01116nam a22002897a 4500
003 OSt
005 20250929085226.0
008 250929s1997 fr a bc 001 0 fre d
020 |a 2600002138 
040 |c ARCE Library 
043 |a e-fr---  |a f-ua--- 
050 1 4 |a PA3314 .F8  |b P37 1997 
245 0 0 |a Papyrus Graux, III (P. Graux 30) /   |c édité par Sophie Kambitsis.  |h   
246 1 |a At head of title : Ecole pratique des hautes études, IVe section, Sciences historiques et philologiques 
264 1 |a Geneve :  |a Droz ;  |a Paris :  |b Champion,  |c 1997. 
300 |a 105 pages :  |b illustrations (some folded) ;  |c 30 cm. 
490 1 |a Hautes études du monde gréco-romain ;   |v 23. 
504 |a Includes bibliographical references and index. 
650 0 |a Manuscripts, Greek (Papyri)   |v Catalogs. 
650 0 |a Manuscripts, Greek (Papyri)   |z France   |z Paris   |v Catalogs. 
651 0 |a Egypt  |x Antiquities. 
700 1 |a Kambitsis, Sophie,  |9 33536 
710 2 |a Ecole pratique des hautes études (France)  
830 0 |a Hautes études du monde gréco-romain ;   |v 23. 
901 |a reviewed 
942 |c BK  |2 lcc 
999 |c 22290  |d 22290